Polskie miasta na literę "S" - Statystyki

Ogólne statystyki
  • Ten quiz został rozwiązany 1 998 razy
  • Średni wynik to 14 z 39
Statystyki odpowiedzi
ludność miasto % Poprawnych
396 500 Szczecin
92%
197 800 Sosnowiec
70%
69 600 Suwałki
64%
89 200 Słupsk
61%
23 200 Sandomierz
58%
35 000 Sopot
55%
37 100 Sanok
51%
77 800 Siedlce
50%
39 700 Szczecinek
50%
67 400 Stargard
46%
48 000 Skierniewice
45%
66 300 Siemianowice Śląskie
43%
47 700 Starachowice
43%
59 600 Stalowa Wola
40%
42 000 Sieradz
39%
47 300 Starogard Gdański
38%
44 200 Skarżysko-Kamienna
34%
23 200 Szczytno
34%
35 900 Sochaczew
32%
16 300 Słubice
27%
30 800 Swarzędz
27%
18 800 Szamotuły
27%
14 400 Siemiatycze
25%
18 200 Strzelce Opolskie
25%
19 500 Sulejówek
25%
18 000 Sierpc
23%
18 000 Sokółka
23%
19 200 Sokołów Podlaski
22%
14 700 Staszów
22%
16 500 Sulechów
21%
12 300 Sławno
20%
16 000 Strzegom
19%
13 800 Słupca
18%
24 300 Skawina
17%
11 900 Szydłowiec
17%
12 400 Sędziszów Małopolski
15%
15 600 Solec Kujawski
15%
14 600 Skoczów
12%
11 700 Szprotawa
7%
Nie znaleziono quizów pasujących do podanych kryteriów
Rozkład punktacji
Procent ludzi z każdym wynikiem
Percentyl według liczby udzielonych odpowiedzi
Twoja historia wyników
Nie rozwiązałeś tego quizu